000 00979nam a22002657a 4500
999 _c166456
_d166456
003 dpl
005 20190724141906.0
008 190715b ||||| |||| 00| 0 eng d
010 _aB-038007
020 _c100.00
035 _aB-038007
037 _bBPPD/PUB
040 _aDPL
_bHN
_c0
082 _a827
_bश्रीवास्तव
100 _aश्रीवस्ताव
_944896
245 _aगति-अवरोध/
_cसुबोध कुमार श्रीवस्ताव
_hHN
246 _aGATA-AVRODH
_bSubodh Kumar Srivastava
260 _aशाहदरा दिल्ली
_bशुभम प्रकाशन
_c2001
270 _bदिल्ली
_aएन-10, उलधनपुर, नवीन शाहदरा, दिल्ली
300 _a102 पृ
_c21सेमी (सजिल्द)
650 _91191
650 _978586
650 _978587
942 _2ddc
_cHN
_h827
_mश्रीवास्तव